| 000 | 01408nam0a22002891 4500 | ||
|---|---|---|---|
| 001 | rc\3638123 | ||
| 005 | 20130115145306.0 | ||
| 021 |
_aRU _b[73-81676] |
||
| 035 | _a(NLR Aleph) 007828031 | ||
| 090 |
_a7765930 _c7765930 |
||
| 100 | _a20130115d1973 |||y0rusy50 ca | ||
| 101 | 0 | _arus | |
| 102 | _aRU | ||
| 105 | _ay c ||||| | ||
| 200 | 1 |
_aМетодические указания по планированию производственной деятельности предприятий объединенных котельных и тепловых сетей _fМ-во жил.-коммун. хоз-ва РСФСР. Акад. коммун. хоз-ва им. К.Д. Памфилова. Отд. науч.-техн. информации |
|
| 210 |
_aМосква _cБ. и. _d1973 |
||
| 215 |
_a69 с. _d20 |
||
| 300 | _aНа обороте тит. л. авт.: канд. экон. наук М.А. Сурина | ||
| 606 |
_aТепловые сети _xПланирование _2psbo |
||
| 606 |
_aКотельные _xПланирование _2psbo |
||
| 701 | 1 |
_aСурина _bМ. А. _gМаргарита Александровна |
|
| 712 | 0 | 2 |
_aАкадемия коммунального хозяйства им. К. Д. Памфилова _cМосква _3RU\NLR\AUTH\8810784 |
| 801 | 0 |
_aRU _bNLR _gpsbo |
|
| 801 | 1 |
_aRU _bELAR _2rusmarc |
|
| 852 |
_aNLR _j73-4/35687 |
||
| 942 | _cBOOK | ||
| 980 | _aNB | ||